UBT Library

Ethnicity, equality of opportunity, and the British National Health Service / (Record no. 40594)

000 -LEADER
fixed length control field 00773cam a22002534a 4500
001 - CONTROL NUMBER
control field 12582370
005 - DATE AND TIME OF LATEST TRANSACTION
control field 20180119080015.0
008 - FIXED-LENGTH DATA ELEMENTS--GENERAL INFORMATION
fixed length control field 011105s2002 enka b 001 0 eng
010 ## - LIBRARY OF CONGRESS CONTROL NUMBER
LC control number 2001098005
020 ## - INTERNATIONAL STANDARD BOOK NUMBER
International Standard Book Number 0754617289
040 ## - CATALOGING SOURCE
Original cataloging agency DLC
Transcribing agency DLC
Modifying agency DLC
041 ## - LANGUAGE CODE
Language code of text/sound track or separate title eng
042 ## - AUTHENTICATION CODE
Authentication code pcc
043 ## - GEOGRAPHIC AREA CODE
Geographic area code e-uk---
080 ## - UNIVERSAL DECIMAL CLASSIFICATION NUMBER
Universal Decimal Classification number 331.13
082 00 - DEWEY DECIMAL CLASSIFICATION NUMBER
Classification number 331.13 MAS
Edition number 21
100 1# - Rafti
Rafti 19
101 ## - Shkurtesa
Shkurtesa SHP
245 10 - TITLE STATEMENT
Title Ethnicity, equality of opportunity, and the British National Health Service /
Statement of responsibility, etc Paul Iganski, David Mason.
504 ## - BIBLIOGRAPHY, ETC. NOTE
Bibliography, etc Includes bibliographical references (p. 166-180) and index.
906 ## - LOCAL DATA ELEMENT F, LDF (RLIN)
a 7
b cbc
c orignew
d 2
e epcn
f 20
g y-gencatlg
942 ## - ADDED ENTRY ELEMENTS (KOHA)
Source of classification or shelving scheme
Item type Books
Holdings
Withdrawn status Lost status Source of classification or shelving scheme Damaged status Not for loan Collection code Permanent location Current location Shelving location Date acquired Total Checkouts Full call number Barcode Date last seen Price effective from Koha item type
          Koleksioni i përgjithshem UBT - Lipjan UBT - Lipjan Koleksioni i lëndeve mesimore 01/19/2018   331.13 MAS 002-2995900 01/19/2018 01/19/2018 Books
UBT Library © 2015-2024. All rights reserved University Education for Business and Technology